[Event "Basel Hilton op 12th"]
[Site "Basel"]
[Date "2010.01.02"]
[Round "2"]
[White "Meijers, Viesturs"]
[Black "Giertz, Niklaus"]
[Result "1/2-1/2"]
[WhiteElo "2470"]
[BlackElo "2265"]
[PlyCount "85"]
[EventDate "2010.01.01"]
[EventType "swiss"]
[EventRounds "7"]
[EventCountry "SUI"]
[SourceTitle "CBM 134 Extra"]
[Source "ChessBase"]
[SourceDate "2010.03.03"]
[SourceVersion "1"]
[SourceVersionDate "2010.03.03"]
[SourceQuality "1"]

1. c4 c5 2. Nf3 Nf6 3. Nc3 Nc6 4. d4 cxd4 5. Nxd4 e6 6. a3 Be7 7. e4 0-0 8. Be2 d5 9. exd5 exd5 10. Nxc6 bxc6 11. cxd5 cxd5 12. 0-0 a5 13. Be3 Rb8 14. Na4 Bd7 15. Bd4 Ne4 16. f3 Bxa4 17. Qxa4 Nc5 18. Qd1 Nb3 19. Rb1 Nxd4 20. Qxd4 Bf6 21. Qd2 Qb6+ 22. Kh1 Bxb2 23. Qxd5 Qe3 24. Bd3 Bxa3 25. Rxb8 Rxb8 26. Bc4 Qa7 27. Rd1 Rf8 28. h4 g6 29. h5 Qc5 30. Qxc5 Bxc5 31. Rd5 Bb4 32. h6 Rc8 33. Bb3 Bf8 34. Rd7 Bxh6 35. Rxf7 Kh8 36. g3 Rf8 37. Rxf8+ Bxf8 38. f4 Kg7 39. Kg2 Kf6 40. Kf3 h6 41. g4 g5 42. Ke4 gxf4 43. Kxf4 1/2-1/2

[Event "SUI-chT"]
[Site "Switzerland"]
[Date "2009.04.26"]
[Round "3.8"]
[White "Raeber, Markus"]
[Black "Giertz, Niklaus"]
[Result "0-1"]
[WhiteElo "2290"]
[BlackElo "2269"]
[PlyCount "80"]
[EventDate "2009.02.22"]
[EventType "team-tourn"]
[EventRounds "9"]
[EventCountry "SUI"]
[SourceTitle "EXT 2011"]
[Source "ChessBase"]
[SourceDate "2010.11.26"]
[SourceVersion "1"]
[SourceVersionDate "2010.11.26"]
[SourceQuality "1"]
[WhiteTeam "Luzern"]
[BlackTeam "Riehen"]
[WhiteTeamCountry "SUI"]
[BlackTeamCountry "SUI"]

1. d4 d5 2. Nf3 Nf6 3. g3 g6 4. Bg2 Bg7 5. 0-0 0-0 6. c4 dxc4 7. Qc2 Nc6 8. Rd1 Nd7 9. d5 Nce5 10. Nxe5 Nxe5 11. f4 Ng4 12. h3 Nf6 13. e4 c6 14. dxc6 Qb6+ 15. Kh2 bxc6 16. Nc3 e5 17. Na4 Qb5 18. f5 gxf5 19. Nc3 Qc5 20. exf5 e4 21. Nxe4 Bxf5 22. Nxc5 Bxc2 23. Rd4 c3 24. bxc3 Nd5 25. Rg4 Bf5 26. Rg5 Bg6 27. Bd2 Rfe8 28. Bf3 Rad8 29. Rc1 h6 30. Rxg6 fxg6 31. c4 Nb6 32. Ba5 Rd4 33. Bxc6 Re2+ 34. Kg1 Rd6 35. Re1 Rxa2 36. Bxb6 Rxc6 37. Nd3 axb6 38. h4 Ra1 39. Rxa1 Bxa1 40. Nf4 Kf7 0-1

[Event "SUI-chT"]
[Site "Switzerland"]
[Date "2008.09.21"]
[Round "9.6"]
[White "Giertz, Niklaus"]
[Black "Fierz, Martin"]
[Result "1/2-1/2"]
[WhiteElo "2331"]
[BlackElo "2328"]
[PlyCount "48"]
[EventDate "2008.03.02"]
[EventType "team-tourn"]
[EventRounds "9"]
[EventCountry "SUI"]
[SourceTitle "EXT 2009"]
[Source "ChessBase"]
[SourceDate "2008.11.26"]
[SourceVersion "1"]
[SourceVersionDate "2008.11.26"]
[SourceQuality "1"]
[WhiteTeam "Riehen"]
[BlackTeam "Wollishofen"]
[WhiteTeamCountry "SUI"]
[BlackTeamCountry "SUI"]

1. Nf3 d5 2. d4 Nf6 3. c4 c6 4. e3 a6 5. b3 Bg4 6. Nbd2 e6 7. Bb2 Nbd7 8. Bd3 Bd6 9. 0-0 0-0 10. Qc2 Qb8 11. h3 Bh5 12. Ng5 Bg6 13. Bxg6 hxg6 14. e4 Bf4 15. Ngf3 Bxd2 16. Nxd2 Nxe4 17. Nxe4 dxe4 18. Qxe4 Nf6 19. Qf3 Qd6 20. Rfd1 Rfe8 21. Bc1 e5 22. dxe5 Qxe5 23. Be3 Rad8 24. Rab1 Rxd1+ 1/2-1/2

[Event "SUI-chT"]
[Site "Switzerland"]
[Date "2008.06.22"]
[Round "5.8"]
[White "Schiendorfer, Emanuel"]
[Black "Giertz, Niklaus"]
[Result "1/2-1/2"]
[WhiteElo "2213"]
[BlackElo "2331"]
[PlyCount "126"]
[EventDate "2008.03.02"]
[EventType "team-tourn"]
[EventRounds "9"]
[EventCountry "SUI"]
[SourceTitle "EXT 2009"]
[Source "ChessBase"]
[SourceDate "2008.11.26"]
[SourceVersion "1"]
[SourceVersionDate "2008.11.26"]
[SourceQuality "1"]
[WhiteTeam "Winterthur"]
[BlackTeam "Riehen"]
[WhiteTeamCountry "SUI"]
[BlackTeamCountry "SUI"]

1. d4 d5 2. c4 dxc4 3. e3 e6 4. Bxc4 Nf6 5. Nf3 c5 6. 0-0 a6 7. Bd3 Nbd7 8. Nc3 b5 9. b3 Bb7 10. Qe2 Be7 11. Rd1 cxd4 12. exd4 0-0 13. Ne5 Rc8 14. Bb2 Nd5 15. Nxd5 Bxd5 16. Rac1 Nf6 17. Bb1 Bb7 18. f3 Qb6 19. Qd3 g6 20. Kh1 Rfd8 21. Rxc8 Rxc8 22. Qd2 Qd8 23. Rc1 Nd5 24. Be4 Rc7 25. Rxc7 Qxc7 26. Ng4 f5 27. Bxd5 Bxd5 28. Ne5 a5 29. Qd3 Qb7 30. h3 Bd6 31. Bc1 a4 32. Bf4 axb3 33. axb3 Be7 34. Qc2 Bf6 35. Qc3 b4 36. Qc2 g5 37. Bd2 Kg7 38. Qc5 Be7 39. Qc2 Qa7 40. Bc1 Bf6 41. Qd2 Qa1 42. Nd3 Qc3 43. Nxb4 Qxb3 44. Nxd5 Qxd5 45. Qb4 g4 46. hxg4 fxg4 47. fxg4 Qe4 48. Ba3 Kg6 49. Qd2 Qxg4 50. Bc5 Qe4 51. Qd1 h5 52. Qa4 Kf5 53. Qb5 Kg4 54. Qf1 Qf5 55. Qe2+ Kg5 56. Bf8 Kg6 57. Bc5 Bg5 58. Bd6 Qg4 59. Qd3+ Qf5 60. Qe2 Kh6 61. Be5 Qg4 62. Qd3 Qh4+ 63. Kg1 Qe1+ 1/2-1/2

[Event "Biel MTO op 40th"]
[Site "Biel"]
[Date "2007.08.01"]
[Round "9"]
[White "Hausrath, Daniel"]
[Black "Giertz, Niklaus"]
[Result "1-0"]
[WhiteElo "2494"]
[BlackElo "2350"]
[PlyCount "81"]
[EventDate "2007.07.23"]
[EventType "swiss"]
[EventRounds "11"]
[EventCountry "SUI"]
[SourceTitle "CBM 119 Extra"]
[Source "ChessBase"]
[SourceDate "2007.09.04"]
[SourceVersion "1"]
[SourceVersionDate "2007.09.04"]
[SourceQuality "1"]

1. c4 c5 2. Nf3 Nf6 3. Nc3 Nc6 4. g3 g6 5. Bg2 Bg7 6. 0-0 0-0 7. d4 cxd4 8. Nxd4 Nxd4 9. Qxd4 d6 10. Qd2 Be6 11. Bxb7 Rb8 12. Bf3 Bxc4 13. b3 Nd5 14. Bxd5 Bxd5 15. Qxd5 Bxc3 16. Bh6 Bxa1 17. Bxf8 Qxf8 18. Rxa1 Qc8 19. Rd1 Qb7 20. Qd2 Rc8 21. Rc1 Rc7 22. h4 h5 23. Rxc7 Qxc7 24. e4 e6 25. Qd4 Qc1+ 26. Kh2 Qc7 27. a4 a5 28. b4 e5 29. Qb2 Qb7 30. b5 Qxe4 31. b6 Qb7 32. Qb5 Qf3 33. Kg1 Qb7 34. Qxa5 Kg7 35. Qb5 e4 36. Qb4 d5 37. a5 Kh7 38. a6 Qxa6 39. b7 Qa1+ 40. Kg2 Qd1 41. b8Q 1-0

[Event "SUI-chT"]
[Site "Switzerland"]
[Date "2007.06.24"]
[Round "5.6"]
[White "Kurmann, Oliver"]
[Black "Giertz, Niklaus"]
[Result "1-0"]
[WhiteElo "2371"]
[BlackElo "2314"]
[PlyCount "41"]
[EventDate "2007.02.25"]
[EventType "team-tourn"]
[EventRounds "9"]
[EventCountry "SUI"]
[SourceTitle "EXT 2008"]
[Source "ChessBase"]
[SourceDate "2007.11.25"]
[SourceVersion "1"]
[SourceVersionDate "2007.11.25"]
[SourceQuality "1"]
[WhiteTeam "Luzern"]
[BlackTeam "Riehen"]
[WhiteTeamCountry "SUI"]
[BlackTeamCountry "SUI"]

1. e4 e5 2. Bc4 Nf6 3. d3 Nc6 4. Nf3 Bc5 5. c3 a6 6. h3 Ba7 7. Nbd2 0-0 8. Bb3 d6 9. Nf1 d5 10. Qe2 Be6 11. Ng3 dxe4 12. dxe4 Bxb3 13. axb3 Nd7 14. b4 Ne7 15. 0-0 c5 16. b5 axb5 17. Qxb5 Qc7 18. Rd1 Nb8 19. Be3 Qc6 20. c4 Na6 21. Rd7 1-0

[Event "Basel Hilton op 09th"]
[Site "Basel"]
[Date "2007.01.04"]
[Round "4"]
[White "Sokolov, Andrei"]
[Black "Giertz, Niklaus"]
[Result "1-0"]
[WhiteElo "2585"]
[BlackElo "2342"]
[PlyCount "83"]
[EventDate "2007.01.01"]
[EventType "swiss"]
[EventRounds "7"]
[EventCountry "SUI"]
[SourceTitle "CBM 116 Extra"]
[Source "ChessBase"]
[SourceDate "2007.03.07"]
[SourceVersion "1"]
[SourceVersionDate "2007.03.07"]
[SourceQuality "1"]

1. e4 e5 2. Nf3 Nf6 3. Nxe5 d6 4. Nf3 Nxe4 5. Bd3 d5 6. Qe2 Qe7 7. 0-0 Nd6 8. Qd1 Qd8 9. Re1+ Be7 10. Qe2 Nc6 11. Nc3 Be6 12. Ne5 Nb4 13. b3 0-0 14. Nxf7 Bxf7 15. Qxe7 Qxe7 16. Rxe7 Nxd3 17. cxd3 Rfe8 18. Rxe8+ Rxe8 19. Ba3 d4 20. Bxd6 dxc3 21. Bxc7 cxd2 22. Ba5 Re1+ 23. Rxe1 dxe1Q+ 24. Bxe1 Bg6 25. d4 Bb1 26. a3 Kf7 27. f3 Ke6 28. Bg3 Kd5 29. Be5 g6 30. Kf2 Bc2 31. b4 Kc4 32. Ke3 Ba4 33. Kf4 Kb3 34. Bd6 Kc4 35. Ke5 Bc6 36. Bb8 a6 37. Ba7 Bd5 38. Kf6 Kb3 39. Kg7 Kxa3 40. Bc5 b6 41. Bxb6 Kxb4 42. Kxh7 1-0

[Event "SUI-chT"]
[Site "Switzerland"]
[Date "2006.09.30"]
[Round "8.6"]
[White "Giertz, Niklaus"]
[Black "Aranovitch, Emiliano"]
[Result "1/2-1/2"]
[WhiteElo "2275"]
[BlackElo "2293"]
[PlyCount "123"]
[EventDate "2006.02.26"]
[EventType "team-tourn"]
[EventRounds "9"]
[EventCountry "SUI"]
[SourceTitle "EXT 2007"]
[Source "ChessBase"]
[SourceDate "2006.11.23"]
[SourceVersion "1"]
[SourceVersionDate "2006.11.23"]
[SourceQuality "1"]
[WhiteTeam "Riehen"]
[BlackTeam "Mendrisio"]
[WhiteTeamCountry "SUI"]
[BlackTeamCountry "SUI"]

1. d4 Nf6 2. Nf3 g6 3. g3 Bg7 4. Bg2 c5 5. c4 0-0 6. 0-0 cxd4 7. Nxd4 Nc6 8. Nc3 Nxd4 9. Qxd4 d6 10. Qd3 Bf5 11. e4 Be6 12. Bd2 Qb6 13. b3 Rfc8 14. Rac1 Rab8 15. h3 a6 16. Rc2 Qd8 17. Rfc1 Qd7 18. Kh2 b5 19. Nd5 Qd8 20. cxb5 Rxc2 21. Qxc2 axb5 22. Qc7 Nxd5 23. exd5 Bd7 24. Qxd8+ Rxd8 25. Rc7 Bd4 26. f4 Kf8 27. Be4 Ke8 28. g4 f5 29. gxf5 Bxf5 30. Bxf5 gxf5 31. Kg3 Ra8 32. Rc2 Kd7 33. Kf3 e5 34. dxe6+ Kxe6 35. Be3 Bxe3 36. Kxe3 Kd5 37. Kd3 Rg8 38. Rd2 Rg3+ 39. Kc2+ Kc5 40. h4 Rh3 41. Kb2 Rxh4 42. Rc2+ Kb6 43. Rd2 Kc6 44. Rc2+ Kd7 45. Rf2 b4 46. a3 bxa3+ 47. Kxa3 h5 48. Kb4 Rg4 49. Kc4 h4 50. Kd5 h3 51. Ra2 Rxf4 52. Ra7+ Kc8 53. Rh7 Rf3 54. Kc6 Rc3+ 55. Kxd6 Rxb3 56. Ke5 Rf3 57. Ke6 Kd8 58. Ke5 Ke8 59. Kf6 Kd8 60. Ke5 Ke8 61. Kf6 f4 62. Kf5 1/2-1/2

[Event "Biel MTO op"]
[Site "Biel"]
[Date "2006.07.27"]
[Round "4"]
[White "Giertz, Niklaus"]
[Black "Wohl, Aleksandar H"]
[Result "1/2-1/2"]
[WhiteElo "2280"]
[BlackElo "2428"]
[PlyCount "132"]
[EventDate "2006.07.24"]
[EventType "swiss"]
[EventRounds "11"]
[EventCountry "SUI"]
[SourceTitle "CBM 113 Extra"]
[Source "ChessBase"]
[SourceDate "2006.09.14"]
[SourceVersion "1"]
[SourceVersionDate "2006.09.14"]
[SourceQuality "1"]

1. d4 Nf6 2. Nf3 e6 3. e3 b6 4. Bd3 Bb7 5. 0-0 d6 6. c4 Nbd7 7. Nc3 c5 8. b3 Be7 9. Bb2 0-0 10. d5 exd5 11. cxd5 a6 12. e4 Re8 13. a4 Bf8 14. Nd2 Rb8 15. f4 Bc8 16. Qe2 Bb7 17. Bxa6 Nxd5 18. Bxb7 Nxc3 19. Bxc3 Rxb7 20. Qd3 Nf6 21. Rad1 Qe7 22. Rfe1 Rbb8 23. g3 h5 24. e5 Ng4 25. exd6 Qxe1+ 26. Rxe1 Rxe1+ 27. Nf1 Re6 28. h3 Rxd6 29. Qc2 Nf6 30. Be5 Re8 31. Bxd6 Bxd6 32. Qd3 Rd8 33. Qf3 c4 34. bxc4 Bc5+ 35. Kg2 Rd4 36. a5 bxa5 37. Qa8+ Kh7 38. Qxa5 Rxc4 39. Qa2 Rc3 40. Nd2 Kg8 41. Nf3 Ra3 42. Qc4 Bf8 43. Ne5 Ra7 44. g4 hxg4 45. hxg4 Ne8 46. g5 Nd6 47. Qd5 Nf5 48. Kf2 g6 49. Nxg6 Ne7 50. Nxe7+ Bxe7 51. Kf3 Ra6 52. Kg4 Ra1 53. Qe5 Rg1+ 54. Kf3 Bf8 55. Kf2 Rc1 56. f5 Rc5 57. Qe4 Rb5 58. Qd3 Ra5 59. Qd7 Ra3 60. g6 fxg6 61. Qe6+ Kh8 62. fxg6 Ra7 63. Qe5+ Rg7 64. Kf3 Kg8 65. Qe6+ Kh8 66. Kg4 Re7 1/2-1/2

[Event "SUI-chT"]
[Site "Switzerland"]
[Date "2006.06.11"]
[Round "4.7"]
[White "Rueetschi, Urs"]
[Black "Giertz, Niklaus"]
[Result "0-1"]
[WhiteElo "2311"]
[BlackElo "2275"]
[PlyCount "138"]
[EventDate "2006.02.26"]
[EventType "team-tourn"]
[EventRounds "9"]
[EventCountry "SUI"]
[SourceTitle "EXT 2007"]
[Source "ChessBase"]
[SourceDate "2006.11.23"]
[SourceVersion "1"]
[SourceVersionDate "2006.11.23"]
[SourceQuality "1"]
[WhiteTeam "Winterthur"]
[BlackTeam "Riehen"]
[WhiteTeamCountry "SUI"]
[BlackTeamCountry "SUI"]

1. d4 d5 2. c4 dxc4 3. Nf3 Nf6 4. e3 e6 5. Bxc4 c5 6. 0-0 Nc6 7. Qe2 cxd4 8. Rd1 Be7 9. exd4 Na5 10. Bb5+ Bd7 11. Ne5 Bc6 12. Nc3 0-0 13. Nxc6 Nxc6 14. Bf4 Nb4 15. Be5 Nbd5 16. Rd3 Rc8 17. Ne4 Nxe4 18. Qxe4 g6 19. Ba4 Bf6 20. Bb3 Nb4 21. Rc3 Rxc3 22. bxc3 Bxe5 23. Qxe5 Nc6 24. Qb5 Qa5 25. Qd3 Rd8 26. g3 Qc7 27. Rd1 Na5 28. c4 b6 29. h4 Rc8 30. Rc1 Qd6 31. Qe3 Qb4 32. c5 Nxb3 33. axb3 Rd8 34. c6 Qd6 35. h5 Rc8 36. Qe4 Qd5 37. Qxd5 exd5 38. hxg6 hxg6 39. b4 a6 40. Kf1 Kf8 41. c7 Ke7 42. Rc6 Kd7 43. Rxb6 Rxc7 44. Rxa6 Rc4 45. b5 Rxd4 46. Ke2 Rb4 47. Rb6 g5 48. f3 Rb2+ 49. Ke3 Rb3+ 50. Ke2 g4 51. Rf6 Ke7 52. Rf5 gxf3+ 53. Rxf3 Rxb5 54. Rc3 Rb4 55. Rc6 Re4+ 56. Kf3 f6 57. g4 Re6 58. Rc1 Kd6 59. Kf4 d4 60. Kf5 Kd5 61. Ra1 Rd6 62. Kf4 Kc4 63. Ke4 d3 64. Ke3 d2 65. Ke2 d1Q+ 66. Rxd1 Rxd1 67. Kxd1 Kd3 68. Ke1 Ke3 69. Kf1 Kf3 0-1

[Event "Biel MTO op"]
[Site "Biel"]
[Date "2005.07.29"]
[Round "11"]
[White "Huss, Andreas"]
[Black "Giertz, Niklaus"]
[Result "1/2-1/2"]
[WhiteElo "2329"]
[BlackElo "2247"]
[PlyCount "91"]
[EventDate "2005.07.18"]
[EventType "swiss"]
[EventRounds "11"]
[EventCountry "SUI"]
[SourceTitle "CBM 107 Extra"]
[Source "ChessBase"]
[SourceDate "2005.09.01"]
[SourceVersion "1"]
[SourceVersionDate "2005.09.01"]
[SourceQuality "1"]

1. d4 d5 2. c4 dxc4 3. Nf3 Nf6 4. e3 e6 5. Bxc4 c5 6. 0-0 Nc6 7. Qe2 cxd4 8. Rd1 Be7 9. exd4 Na5 10. Bb5+ Bd7 11. Bxd7+ Qxd7 12. Ne5 Qc7 13. Bf4 Nd5 14. Bg3 Bd6 15. Na3 a6 16. Rac1 Qd8 17. Nc2 0-0 18. Ne3 Nxe3 19. Qxe3 Rc8 20. Rxc8 Qxc8 21. Rc1 Qd8 22. h3 Bxe5 23. dxe5 Nc6 24. f4 Qd5 25. b3 Rd8 26. Be1 Qd4 27. Qxd4 Rxd4 28. Rc4 Rxc4 29. bxc4 g5 30. g3 gxf4 31. gxf4 Kg7 32. Kf2 Kg6 33. Ke3 Kf5 34. Bd2 Ne7 35. Kf3 b5 36. cxb5 axb5 37. Be3 Nd5 38. Bd2 Nb6 39. Be3 Nc4 40. Bc5 Nd2+ 41. Ke3 Ne4 42. Bb4 f6 43. exf6 Nxf6 44. Bd6 Nd5+ 45. Kf3 h5 46. a3 1/2-1/2

[Event "Biel MTO op"]
[Site "Biel"]
[Date "2005.07.24"]
[Round "6"]
[White "Giertz, Niklaus"]
[Black "Masserey, Yvan"]
[Result "1-0"]
[WhiteElo "2247"]
[BlackElo "2338"]
[PlyCount "136"]
[EventDate "2005.07.18"]
[EventType "swiss"]
[EventRounds "11"]
[EventCountry "SUI"]
[SourceTitle "CBM 107 Extra"]
[Source "ChessBase"]
[SourceDate "2005.09.01"]
[SourceVersion "1"]
[SourceVersionDate "2005.09.01"]
[SourceQuality "1"]

1. d4 Nf6 2. Nf3 e6 3. e3 b6 4. Bd3 d5 5. 0-0 Bd6 6. b3 0-0 7. c4 Ba6 8. Nc3 Nc6 9. Bb2 dxc4 10. bxc4 e5 11. Ne4 exd4 12. Nxd6 cxd6 13. Nxd4 Ne5 14. Nb5 Rc8 15. Nxd6 Nxd3 16. Qxd3 Bxc4 17. Qa3 Bxf1 18. Nxc8 Qxc8 19. Rxf1 Qc6 20. Rc1 Rd8 21. h3 Qd7 22. Bd4 Ne4 23. Qb2 f6 24. Qb3+ Kh8 25. Qc2 Ng5 26. Qc7 Ne6 27. Qxd7 Rxd7 28. Rc8+ Rd8 29. Rxd8+ Nxd8 30. Kf1 Kg8 31. Ke2 Kf7 32. Kd3 Ke6 33. Kc4 Nc6 34. Kb5 Kd5 35. Bc3 h5 36. e4+ Kd6 37. f4 Kc7 38. g4 hxg4 39. hxg4 Kb7 40. Kc4 Kc7 41. Kb5 Kb7 42. f5 a6+ 43. Kc4 Kc7 44. Kd5 Kd7 45. e5 fxe5 46. g5 g6 47. fxg6 Ne7+ 48. Kxe5 Nxg6+ 49. Kf6 Nf8 50. Kf7 Ne6 51. g6 Ng5+ 52. Kf6 Ne6 53. Ke5 Ng7 54. Kd5 Ne6 55. Be5 b5 56. Bd6 Ng7 57. Bf4 Ne6 58. Be5 a5 59. Bh2 Ng7 60. Bf4 b4 61. Bd6 Ne6 62. Ke5 Ng7 63. Bf8 Ne6 64. Kf5 Ke8 65. Bxb4 Nd4+ 66. Ke4 Ne6 67. Bxa5 Ke7 68. Bc3 Nc5+ 1-0

[Event "SUI-chT"]
[Site "Switzerland"]
[Date "2005.06.12"]
[Round "5.8"]
[White "Karl, Hans"]
[Black "Giertz, Niklaus"]
[Result "1/2-1/2"]
[WhiteElo "2247"]
[BlackElo "2280"]
[PlyCount "175"]
[EventDate "2005.02.27"]
[EventType "team-tourn"]
[EventRounds "9"]
[EventCountry "SUI"]
[SourceTitle "EXT 2006"]
[Source "ChessBase"]
[SourceDate "2005.11.24"]
[SourceVersion "1"]
[SourceVersionDate "2005.11.24"]
[SourceQuality "1"]
[WhiteTeam "Mendrisio"]
[BlackTeam "Riehen"]
[WhiteTeamCountry "SUI"]
[BlackTeamCountry "SUI"]

1. d4 d5 2. c4 dxc4 3. Nf3 Nf6 4. e3 e6 5. Bxc4 c5 6. 0-0 Nc6 7. Qe2 cxd4 8. exd4 Be7 9. Nc3 0-0 10. Rd1 Na5 11. Bd3 b6 12. Bg5 Bb7 13. Rac1 Rc8 14. Ne5 Nd5 15. Bxe7 Qxe7 16. Nxd5 Bxd5 17. b3 Rxc1 18. Rxc1 Qg5 19. f4 Qxf4 20. Rf1 Qxd4+ 21. Kh1 f5 22. Rd1 Qc3 23. h3 Qc7 24. Qe3 Nc6 25. Nf3 Nd8 26. Nd4 g6 27. Rc1 Qe7 28. Nf3 Nf7 29. Nd4 Qg5 30. Qxg5 Nxg5 31. Kg1 Rd8 32. Bf1 Rd7 33. Rc8+ Kg7 34. Bb5 Rf7 35. Bc6 Bxc6 36. Nxc6 Rd7 37. Ra8 a5 38. Rb8 Rd1+ 39. Kh2 Rd2 40. h4 Nf3+ 41. Kh3 Ne1 42. Rxb6 Nxg2 43. Nxa5 Rxa2 44. Nc4 Nf4+ 45. Kg3 Nh5+ 46. Kf3 Rh2 47. Rxe6 Rh3+ 48. Kf2 Rxb3 49. Re7+ Kf6 50. Rxh7 Rh3 51. Rc7 Rxh4 52. Rc6+ Kg7 53. Ne5 Nf6 54. Rc7+ Kh6 55. Kg3 Ra4 56. Rc6 Re4 57. Nf7+ Kg7 58. Nd6 Re7 59. Kf4 Ra7 60. Nxf5+ gxf5 61. Kxf5 Rf7 62. Ra6 Nd5+ 63. Ke5 Nf4 64. Rb6 Ng6+ 65. Ke4 Re7+ 66. Kd4 Kh6 67. Rb5 Re6 68. Rc5 Kg7 69. Rb5 Kf6 70. Ra5 Ne5 71. Ra8 Rd6+ 72. Kc5 Rd1 73. Rh8 Nd7+ 74. Kc6 Ke7 75. Rh7+ Ke6 76. Rh6+ Nf6 77. Kc5 Ke5 78. Kc4 Rd6 79. Rh4 Rc6+ 80. Kb5 Rc1 81. Rh8 Ne4 82. Re8+ Kd5 83. Rd8+ Nd6+ 84. Kb4 Rc6 85. Rd7 Rb6+ 86. Kc3 Kc5 87. Rc7+ Kd5 88. Rd7 1/2-1/2

[Event "SUI-chT"]
[Site "Switzerland"]
[Date "2005.04.17"]
[Round "3.8"]
[White "Giertz, Niklaus"]
[Black "Raeber, Markus"]
[Result "1/2-1/2"]
[WhiteElo "2280"]
[BlackElo "2226"]
[PlyCount "22"]
[EventDate "2005.02.27"]
[EventType "team-tourn"]
[EventRounds "9"]
[EventCountry "SUI"]
[SourceTitle "EXT 2006"]
[Source "ChessBase"]
[SourceDate "2005.11.24"]
[SourceVersion "1"]
[SourceVersionDate "2005.11.24"]
[SourceQuality "1"]
[WhiteTeam "Riehen"]
[BlackTeam "Luzern"]
[WhiteTeamCountry "SUI"]
[BlackTeamCountry "SUI"]

1. d4 Nf6 2. Nf3 g6 3. g3 Bg7 4. Bg2 c5 5. c4 cxd4 6. Nxd4 Nc6 7. 0-0 0-0 8. Nc3 Qa5 9. Nc2 d6 10. Ne3 Qh5 11. Ned5 Nxd5 1/2-1/2

[Event "SUI-chT"]
[Site "Switzerland"]
[Date "2004.11.06"]
[Round "8.6"]
[White "Mantovani, Renzo"]
[Black "Giertz, Niklaus"]
[Result "1/2-1/2"]
[WhiteElo "2375"]
[BlackElo "2273"]
[PlyCount "116"]
[EventDate "2004.02.29"]
[EventType "team-tourn"]
[EventRounds "9"]
[EventCountry "SUI"]
[SourceTitle "EXT 2006"]
[Source "ChessBase"]
[SourceDate "2005.11.24"]
[SourceVersion "1"]
[SourceVersionDate "2005.11.24"]
[SourceQuality "1"]
[WhiteTeam "Mendrisio"]
[BlackTeam "Riehen"]
[WhiteTeamCountry "SUI"]
[BlackTeamCountry "SUI"]

1. d4 d5 2. c4 dxc4 3. e3 e6 4. Bxc4 Nf6 5. Nf3 c5 6. 0-0 Nc6 7. Nc3 Be7 8. dxc5 Qxd1 9. Rxd1 Bxc5 10. a3 Ke7 11. b4 Bd6 12. Bb2 Rd8 13. Nb5 Bb8 14. Rxd8 Nxd8 15. Rc1 a6 16. Nbd4 Bd7 17. Nb3 Bd6 18. Ne5 Ba4 19. Nc5 Be8 20. Be2 Rc8 21. Nc4 Bxc5 22. bxc5 Nd7 23. Bxg7 Rxc5 24. Bd4 Rc7 25. Rd1 b5 26. Ne5 f6 27. Nxd7 Bxd7 28. f4 Nf7 29. Bb6 Rc3 30. Bd3 h6 31. Ba5 Rc8 32. Bb4+ Ke8 33. Bg6 Rc7 34. Rd6 Bc8 35. g4 Rc4 36. Kf2 Kf8 37. Rb6+ Kg7 38. Bd3 Rc7 39. h4 e5 40. f5 Bb7 41. Bb1 e4 42. Kg3 Bd5 43. Bd2 Ne5 44. Rxa6 Nf3 45. Bb4 Rc1 46. Rd6 Rg1+ 47. Kf2 Rxb1 48. Rxd5 Ne5 49. Rxb5 Nd3+ 50. Kg2 Rb2+ 51. Kg3 Re2 52. Rb7+ Kg8 53. g5 hxg5 54. hxg5 Rxe3+ 55. Kg4 Nxb4 56. axb4 fxg5 57. Kxg5 Rb3 58. b5 Rb1 1/2-1/2

[Event "Biel MTO op"]
[Site "Biel"]
[Date "2004.07.19"]
[Round "1"]
[White "Kobalia, Mihail"]
[Black "Giertz, Niklaus"]
[Result "1-0"]
[WhiteElo "2618"]
[BlackElo "2284"]
[PlyCount "69"]
[EventDate "2004.07.19"]
[EventType "swiss"]
[EventRounds "11"]
[EventCountry "SUI"]
[SourceTitle "CBM 101 Extra"]
[Source "ChessBase"]
[SourceDate "2004.09.01"]
[SourceVersion "2"]
[SourceVersionDate "2004.09.01"]
[SourceQuality "1"]

1. e4 e5 2. Nf3 Nf6 3. Nxe5 d6 4. Nf3 Nxe4 5. Nc3 Nxc3 6. dxc3 Be7 7. Bf4 0-0 8. Qd2 Nd7 9. 0-0-0 Nc5 10. Be3 c6 11. Kb1 Bg4 12. Be2 f5 13. h3 Bh5 14. Ng5 Bxe2 15. Qxe2 Bxg5 16. Bxc5 Qe8 17. Qc4+ d5 18. Qd3 Rf6 19. Bd4 Rf8 20. Bc5 Rf6 21. h4 Bh6 22. Bd4 Rg6 23. Qxf5 Rxg2 24. Rde1 Qf7 25. Qh3 Rg6 26. h5 Rg5 27. Be3 Rf5 28. Bxh6 gxh6 29. Rhg1+ Kh8 30. Qe3 Rxf2 31. Qxh6 Rg8 32. Rxg8+ Kxg8 33. Qg5+ Kf8 34. Qd8+ Kg7 35. Rg1+ 1-0

[Event "SUI-chT"]
[Site "Switzerland"]
[Date "2003.09.06"]
[Round "6.7"]
[White "Kurmann, Oliver"]
[Black "Giertz, Niklaus"]
[Result "1/2-1/2"]
[WhiteElo "2222"]
[BlackElo "2240"]
[PlyCount "55"]
[EventDate "2003.03.23"]
[EventType "team-tourn"]
[EventRounds "9"]
[EventCountry "SUI"]
[SourceTitle "EXT 2004"]
[Source "ChessBase"]
[SourceDate "2003.11.25"]
[SourceVersion "1"]
[SourceVersionDate "2003.11.25"]
[SourceQuality "1"]
[WhiteTeam "Luzern"]
[BlackTeam "Riehen"]
[WhiteTeamCountry "SUI"]
[BlackTeamCountry "SUI"]

1. e4 e5 2. f4 Nf6 3. Nc3 d5 4. exd5 Nxd5 5. Nxd5 Qxd5 6. fxe5 Qxe5+ 7. Qe2 Qxe2+ 8. Bxe2 Nc6 9. c3 Bd6 10. d4 Bd7 11. Nf3 f6 12. 0-0 0-0-0 13. Bd3 Ne7 14. Nd2 Nd5 15. Ne4 Be7 16. Bd2 Be8 17. Ng3 g6 18. Rae1 Rd7 19. Bc4 c6 20. Rf2 Bd8 21. Ne4 f5 22. Nc5 Re7 23. Rxe7 Bxe7 24. Bxd5 cxd5 25. Re2 Bxc5 26. dxc5 Bc6 27. Re7 Re8 28. Rxe8+ 1/2-1/2

[Event "Biel MTO op"]
[Site "Biel"]
[Date "2003.07.27"]
[Round "6"]
[White "Cvitan, Ognjen"]
[Black "Giertz, Niklaus"]
[Result "1/2-1/2"]
[WhiteElo "2546"]
[BlackElo "2275"]
[PlyCount "35"]
[EventDate "2003.07.19"]
[EventType "swiss"]
[EventRounds "11"]
[EventCountry "SUI"]
[SourceTitle "CBM 095 Extra"]
[Source "ChessBase"]
[SourceDate "2003.09.04"]
[SourceVersion "1"]
[SourceVersionDate "2003.09.04"]
[SourceQuality "1"]

1. d4 d5 2. Nf3 Nf6 3. c4 dxc4 4. e3 e6 5. Bxc4 c5 6. 0-0 Nc6 7. Qe2 cxd4 8. Rd1 Be7 9. exd4 Na5 10. Bd3 0-0 11. Nc3 b6 12. Qe5 Bd6 13. Qg5 Bb7 14. d5 h6 15. Qh4 Nxd5 16. Qh3 Nxc3 17. bxc3 Qc7 18. Bxh6 1/2-1/2

[Event "Biel MTO op"]
[Site "Biel"]
[Date "2003.07.22"]
[Round "2"]
[White "Riazantsev, Alexander"]
[Black "Giertz, Niklaus"]
[Result "1-0"]
[WhiteElo "2533"]
[BlackElo "2275"]
[PlyCount "93"]
[EventDate "2003.07.19"]
[EventType "swiss"]
[EventRounds "11"]
[EventCountry "SUI"]
[SourceTitle "CBM 095 Extra"]
[Source "ChessBase"]
[SourceDate "2003.09.04"]
[SourceVersion "1"]
[SourceVersionDate "2003.09.04"]
[SourceQuality "1"]

1. d4 d5 2. c4 dxc4 3. Nf3 Nf6 4. e3 e6 5. Bxc4 c5 6. 0-0 Nc6 7. Nc3 Be7 8. a3 0-0 9. dxc5 Qxd1 10. Rxd1 Bxc5 11. b4 Bb6 12. Bb2 Rd8 13. Kf1 Kf8 14. Rxd8+ Nxd8 15. Rd1 Ke7 16. Ke2 Bd7 17. g4 Rc8 18. Bd3 h6 19. Ne5 Be8 20. h4 Bc7 21. Ne4 Nc6 22. Nxc6+ Bxc6 23. Nxf6 gxf6 24. b5 Bd7 25. a4 Be5 26. Ba3+ Ke8 27. f4 Rc3 28. Bc1 Bc7 29. Bb2 Rb3 30. Bxf6 e5 31. f5 Rb4 32. e4 Rxa4 33. g5 hxg5 34. hxg5 Rb4 35. Rh1 Bxb5 36. Bxb5+ Rxb5 37. Rh8+ Kd7 38. Rf8 Rb2+ 39. Kf3 Rb3+ 40. Kg4 Re3 41. Rxf7+ Kc6 42. g6 Rxe4+ 43. Kh5 Re1 44. g7 Rh1+ 45. Kg6 Rg1+ 46. Bg5 Bd8 47. f6 1-0